000 00573nam a22001937a 4500
003 OSt
005 20260119033315.0
008 260119b |||||||| |||| 00| 0 eng d
020 _a971-23-4031-7.
040 _aDWCL-Main lib
_cOC
082 _aFil. 363.32 B218w 2004
100 _aBanlaoi, Rommel C.
245 _aWar on terrorism in Southeast Asia
_cBanlaoi, Rommel C.
260 _aQuezon City :
_bRex Book Store, Inc.,
_cc2004.
300 _ax, 233 pages ;
_c23 cm.
650 _21. Terrorism-Prevention.
650 _22. Terrorism.
942 _2ddc
_cBK - FIL
_kFil.
_n0
999 _c7526
_d7526